00470nam a2200145 4500008004100000020001800041020001500059050002000074100001900094245007800113260004000191300004100231440003600272700001600308160812b xxu||||| |||| 00| 0 eng d a9789966192813 a9966192816 aHT167 .L85 2016 aLukalo, Fabian aIncreasing the bundle of land rights for schools in Nyeri County - Kenya/ aNairobi :bGovernment Press,c2016. av, 37p. :bill. (some col.) ;c23cm. aNLC working paper series, no. 2 aIsak, Saida